| 000 -ლიდერი |
| ფიქსირებული სიგრძის საკონტროლო ველი |
00867nam a22001817a 4500 |
| 003 - საკონტროლო ნომრის იდენტიფიკატორი |
| საკონტროლო ველი |
Ge_BSU |
| 005 - ბოლო ოპერაციის თარიღი და დრო |
| საკონტროლო ველი |
20221102115634.0 |
| 008 - ფიქსირებული სიგრძის მონაცემთა ელემენტები - ზოგადი ინფორმაცია |
| ფიქსირებული სიგრძის საკონტროლო ველი |
221102s2005 ge ||||| |||| 00| 0 geo d |
| 041 ## - ენის კოდი |
| Language code of text/sound track or separate title |
geo |
| 080 ## - უნივერსალური ათობითი კლასიფიკაციის ინდექსი |
| Universal Decimal Classification number |
339.924 + 316.32 ჰ-49 |
| 100 ## - მთავარი ჩანაწერი - პიროვნების სახელი |
| Personal name |
ჰერსტი, პოლ |
| 9 (RLIN) |
15729 |
| 245 ## - ცნობა სათაურის შესახებ |
| Title |
გლობალიზაცია : |
| Remainder of title |
კრიტიკული ანალიზი / |
| Statement of responsibility, etc |
პოლ ჰერსტი, გრემ ტომპსონი ; [მთარგმნ.: ნოდარ მანჩხაშვილი ; რედ.: ანა ჭაბაშვილი]. |
| 264 ## - წარმოების, გამოცემის, დისტრიბუციის და სხვა ცნობები |
| გამოცემის, წარმოების, დისტრიბუციის... ადგილი |
თბილისი : |
| გამოცემის, წარმოების, დისტრიბუციის... სახელწოდება |
დიოგენე, |
| გამოცემის, წარმოების, დისტრიბუციის... თარიღი |
2005. |
| 300 ## - ფიზიკური აღწერა |
| Extent |
354 გვ. : |
| Other physical details |
ნახ. ; |
| Dimensions |
22 სმ. |
| 653 ## - INDEX TERM--UNCONTROLLED |
| Uncontrolled term |
გლობალიზაცია. |
| 700 ## - ADDED ENTRY--PERSONAL NAME |
| Personal name |
ტომპსონი, გრემ |
| Relator term |
ავტორი |
| 9 (RLIN) |
15730 |
| 942 ## - ADDED ENTRY ELEMENTS (KOHA) |
| Source of classification or shelving scheme |
|
| Koha item type |
წიგნი |